000 00403nam a2200169Ia 4500
001 9139
003 IN-NITTTR
005 20251114233044.0
008 251113s9999||||xx |||||||||||||| ||eng||
040 _beng
040 _cIN-NITTTR
041 _aeng
082 _a615.535 H315C
100 _aHawksey, H.
245 0 _aCaring for pets :
_b cats, dogs and cage birds. /
_cHawksey, H.
942 _2ddc
_cBK
999 _c11776
_d11776